Statistiken für Länder mit Etappenorten der Tour de France

Klicken Sie hier um das Quiz zu spielen!

Allgemein

  • Dieses Quiz wurde 97 mal gespielt
  • Das Durchschnittsergebnis liegt bei 12 aus 13

Antwortstatistiken

LänderSumme der Etappen im Land% Korrekt
Deutschland14
100%
Schweiz17
100%
Belgien39
99%
Spanien11
99%
Frankreich638
98%
Italien9
97%
Luxemburg3
96%
Andorra5
93%
Niederlande10
93%
Dänemark5
92%
Monaco1
83%
Vereinigtes Königreich11
83%
Irland3
71%

Verteilung der Resultate

Perzentil nach korrekt beantworteten Fragen

Anzahl Personen mit jedem Resultat

Ihre Resultats-Entwicklung

Sie haben dieses Quiz noch nicht gespielt